Euros 2024 Portugal Squad - Statistics

General Stats
  • This quiz has been taken 340 times
  • The average score is 20 of 26
Answer Stats
Pos Club Answer % Correct
FW Al Nassr Cristiano Ronaldo
97%
MF Man United Bruno Fernandes
94%
DF Man City Ruben Dias
93%
FW Milan Rafael Leao
92%
MF Man City Bernardo Silva
91%
FW Liverpool Diogo Jota
89%
DF Benfica Antonio Silva
85%
DF Porto Pepe
84%
MF Al Hilal Ruben Neves
84%
DF Man United Diogo Dalot
83%
FW Barcelona Joao Felix
83%
DF PSG Nuno Mendes
83%
DF Barcelona Joao Cancelo
82%
MF Benfica Joao Neves
82%
GK Porto Diogo Costa
80%
MF PSG Vitinha
80%
GK Roma Rui Patricio
79%
FW PSG Goncalo Ramos
76%
GK Wolves Jose Sa
76%
MF Fulham Joao Palhinha
62%
FW Wolves Pedro Neto
60%
DF Wolves Nelson Semedo
54%
DF PSG Danilo Pereira
50%
DF Sporting Goncalo Inacio
46%
MF Al Nassr Otavio
46%
FW Porto Francisco Conceicao
35%
No matching quizzes found
Score Distribution
Percent of People with Each Score
Percentile by Number Answered
Your Score History
You have not taken this quiz